[Event "Team Championship Russia (Rapid, Women)"]
[Site "Sochi"]
[Date "2018.10.08"]
[Round "5.1"]
[White "Bodnaruk, Anastasia"]
[Black "Pogonina, Natalija"]
[Result "1/2-1/2"]
[BlackElo "2444"]
[WhiteElo "2479"]
[LiveChessVersion "1.4.8"]

1. e4 {[%clk 0:15:19]} e5 {[%clk 0:15:18]} 2. Nf3 {[%clk 0:15:28]} Nc6
{[%clk 0:15:26]} 3. Bb5 {[%clk 0:15:36]} a6 {[%clk 0:15:34]} 4. Ba4
{[%clk 0:15:45]} Nf6 {[%clk 0:15:42]} 5. O-O {[%clk 0:15:53]} Be7
{[%clk 0:15:48]} 6. Re1 {[%clk 0:16:01]} b5 {[%clk 0:15:53]} 7. Bb3
{[%clk 0:16:11]} d6 {[%clk 0:15:44]} 8. a4 {[%clk 0:16:17]} Bd7 {[%clk 0:15:29]}
9. c3 {[%clk 0:16:17]} O-O {[%clk 0:15:33]} 10. h3 {[%clk 0:16:07]} h6
{[%clk 0:15:06]} 11. d3 {[%clk 0:15:59]} Re8 {[%clk 0:14:26]} 12. Nbd2
{[%clk 0:16:00]} Bf8 {[%clk 0:14:26]} 13. Nf1 {[%clk 0:15:53]} Na5
{[%clk 0:14:28]} 14. Bc2 {[%clk 0:15:58]} c5 {[%clk 0:14:28]} 15. Ne3
{[%clk 0:15:47]} b4 {[%clk 0:14:16]} 16. cxb4 {[%clk 0:14:56]} cxb4
{[%clk 0:14:24]} 17. Nc4 {[%clk 0:15:04]} Nxc4 {[%clk 0:13:45]} 18. dxc4
{[%clk 0:15:13]} Bc6 {[%clk 0:13:41]} 19. Nd2 {[%clk 0:14:08]} Nd7
{[%clk 0:13:36]} 20. Nf1 {[%clk 0:13:27]} Nc5 {[%clk 0:13:40]} 21. b3
{[%clk 0:13:35]} Be7 {[%clk 0:12:14]} 22. Ng3 {[%clk 0:12:54]} Kh7
{[%clk 0:10:03]} 23. Qh5 {[%clk 0:11:50]} Rf8 {[%clk 0:08:03]} 24. Nf5
{[%clk 0:10:05]} Bg5 {[%clk 0:07:44]} 25. h4 {[%clk 0:06:52]} Bxc1
{[%clk 0:07:44]} 26. Raxc1 {[%clk 0:07:00]} Qf6 {[%clk 0:07:36]} 27. Rcd1
{[%clk 0:06:44]} Rad8 {[%clk 0:07:41]} 28. Re3 {[%clk 0:05:58]} Bb7
{[%clk 0:06:29]} 29. Rg3 {[%clk 0:04:16]} Rg8 {[%clk 0:06:23]} 30. Rf3
{[%clk 0:03:02]} Qe6 {[%clk 0:05:44]} 31. Re1 {[%clk 0:02:12]} Qg6
{[%clk 0:05:16]} 32. Qxg6+ {[%clk 0:01:17]} fxg6 {[%clk 0:05:24]} 33. Ne7
{[%clk 0:01:26]} Rge8 {[%clk 0:04:58]} 34. Nd5 {[%clk 0:01:35]} a5
{[%clk 0:04:45]} 35. Rf7 {[%clk 0:01:32]} Kg8 {[%clk 0:04:02]} 36. Rc7
{[%clk 0:01:33]} Rd7 {[%clk 0:03:48]} 37. Rxd7 {[%clk 0:01:24]} Nxd7
{[%clk 0:03:57]} 38. Nc7 {[%clk 0:01:25]} Rd8 {[%clk 0:03:24]} 39. Nb5
{[%clk 0:01:07]} Nc5 {[%clk 0:03:29]} 40. f3 {[%clk 0:01:00]} Kf7
{[%clk 0:02:42]} 41. Rd1 {[%clk 0:01:08]} Ke7 {[%clk 0:02:46]} 42. Nc7
{[%clk 0:00:47]} Rd7 {[%clk 0:02:14]} 43. Nd5+ {[%clk 0:00:55]} Bxd5
{[%clk 0:01:53]} 44. exd5 {[%clk 0:01:01]} Kf6 {[%clk 0:02:01]} 45. Kf2
{[%clk 0:00:54]} g5 {[%clk 0:01:48]} 46. hxg5+ {[%clk 0:00:46]} Kxg5
{[%clk 0:01:50]} 47. Rh1 {[%clk 0:00:55]} Rf7 {[%clk 0:01:47]} 48. Rh3
{[%clk 0:00:46]} Kf6 {[%clk 0:00:58]} 49. Ke3 {[%clk 0:00:55]} Ke7
{[%clk 0:01:02]} 50. g3 {[%clk 0:00:53]} Kd7 {[%clk 0:00:54]} 51. Rh4
{[%clk 0:00:50]} Ke7 {[%clk 0:00:51]} 52. f4 {[%clk 0:00:46]} exf4+ 53. gxf4 Kf6
{[%clk 0:00:49]} 54. Rg4 {[%clk 0:00:30]} g5 {[%clk 0:00:57]} 55. fxg5+
{[%clk 0:00:22]} hxg5 {[%clk 0:01:06]} 56. Rg2 {[%clk 0:00:23]} Re7+
{[%clk 0:00:58]} 57. Kf2 {[%clk 0:00:16]} Rg7 {[%clk 0:00:43]} 58. Rh2
{[%clk 0:00:22]} Ke5 {[%clk 0:00:37]} 59. Ke3 {[%clk 0:00:26]} g4
{[%clk 0:00:32]} 60. Rh5+ {[%clk 0:00:19]} Kf6 {[%clk 0:00:41]} 61. Rh6+
{[%clk 0:00:24]} Ke5 {[%clk 0:00:45]} 62. Rh5+ {[%clk 0:00:30]} Kf6
{[%clk 0:00:54]} 63. Rh6+ {[%clk 0:00:36]} Ke5 {[%clk 0:01:03]} 64. Rh5+
{[%clk 0:00:39]} Kf6 {[%clk 0:01:12]} 65. Kf2 {[%clk 0:00:38]} g3+
{[%clk 0:01:10]} 66. Kg2 {[%clk 0:00:47]} Rg4 {[%clk 0:00:59]} 67. Rf5+
{[%clk 0:00:46]} Ke7 {[%clk 0:01:01]} 68. Rf3 {[%clk 0:00:49]} Rg5
{[%clk 0:00:47]} 69. Rxg3 {[%clk 0:00:50]} Rxg3+ {[%clk 0:00:56]} 70. Kxg3
{[%clk 0:00:59]} Kf6 {[%clk 0:01:05]} 71. Kf4 {[%clk 0:01:07]} Nb7
{[%clk 0:01:12]} 72. Bd1 {[%clk 0:01:13]} Nc5 {[%clk 0:01:20]} 73. Bc2
{[%clk 0:01:22]} Nb7 {[%clk 0:01:25]} 74. Bd1 {[%clk 0:01:28]} Ke5+ 75. Ke4+
1/2-1/2

[Event "Team Championship Russia (Rapid, Women)"]
[Site "Sochi"]
[Date "2018.10.08"]
[Round "5.2"]
[White "Girya, Olga"]
[Black "Ovod, Evgenija"]
[Result "1-0"]
[BlackElo "2198"]
[WhiteElo "2440"]
[LiveChessVersion "1.4.8"]

1. d4 {[%clk 0:15:17]} d5 {[%clk 0:15:20]} 2. c4 {[%clk 0:15:21]} c6
{[%clk 0:15:28]} 3. Nc3 {[%clk 0:15:28]} Nf6 {[%clk 0:15:25]} 4. e3
{[%clk 0:15:37]} Qb6 {[%clk 0:15:22]} 5. Nf3 {[%clk 0:15:19]} Bg4
{[%clk 0:15:29]} 6. Qc2 {[%clk 0:14:58]} Bxf3 {[%clk 0:15:17]} 7. gxf3
{[%clk 0:15:07]} e6 {[%clk 0:15:26]} 8. Bd2 {[%clk 0:14:33]} Nbd7
{[%clk 0:15:34]} 9. cxd5 {[%clk 0:14:18]} exd5 {[%clk 0:15:33]} 10. Rg1
{[%clk 0:14:15]} g6 {[%clk 0:15:19]} 11. O-O-O {[%clk 0:13:55]} O-O-O
{[%clk 0:14:50]} 12. Kb1 {[%clk 0:13:44]} Kb8 {[%clk 0:14:53]} 13. e4
{[%clk 0:13:43]} dxe4 {[%clk 0:14:35]} 14. fxe4 {[%clk 0:13:11]} Qc7
{[%clk 0:13:54]} 15. e5 {[%clk 0:11:35]} Nh5 {[%clk 0:13:36]} 16. Bh3
{[%clk 0:11:18]} f5 {[%clk 0:12:54]} 17. Rc1 {[%clk 0:10:53]} Nb6
{[%clk 0:12:54]} 18. Qb3 {[%clk 0:09:53]} Qd7 {[%clk 0:12:05]} 19. Rgd1
{[%clk 0:10:02]} Ng7 {[%clk 0:12:03]} 20. Be3 {[%clk 0:07:53]} Ne6
{[%clk 0:12:07]} 21. Bg2 {[%clk 0:06:08]} Nd5 {[%clk 0:11:39]} 22. Nxd5
{[%clk 0:04:53]} cxd5 {[%clk 0:11:48]} 23. Rc2 {[%clk 0:04:54]} Be7
{[%clk 0:11:22]} 24. Bf1 {[%clk 0:05:04]} Nc7 {[%clk 0:09:32]} 25. Rdc1
{[%clk 0:05:13]} Rc8 {[%clk 0:09:28]} 26. Bf4 {[%clk 0:04:53]} Qe6
{[%clk 0:09:11]} 27. Rc6 {[%clk 0:04:55]} Rhd8 {[%clk 0:08:16]} 28. Rxe6
{[%clk 0:04:33]} Nxe6 {[%clk 0:08:25]} 29. Ba6 {[%clk 0:04:05]} Rd7
{[%clk 0:08:03]} 30. Rxc8+ {[%clk 0:03:01]} Kxc8 {[%clk 0:08:11]} 31. Bb5
{[%clk 0:03:06]} Rd8 {[%clk 0:08:15]} 32. Be3 {[%clk 0:02:58]} a6
{[%clk 0:04:40]} 33. Be2 {[%clk 0:03:03]} Rd7 {[%clk 0:03:58]} 34. Bf3
{[%clk 0:03:05]} Nc7 {[%clk 0:04:06]} 35. Bf4 {[%clk 0:01:59]} Ne6
{[%clk 0:03:58]} 36. Be3 {[%clk 0:01:54]} Nc7 {[%clk 0:04:07]} 37. Bd2
{[%clk 0:01:26]} Bh4 {[%clk 0:04:11]} 38. Ba5 {[%clk 0:01:29]} Bxf2
{[%clk 0:03:55]} 39. Bb6 {[%clk 0:01:09]} Bg1 {[%clk 0:02:16]} 40. Qb4
{[%clk 0:00:48]} Ne6 {[%clk 0:01:02]} 41. Qa5 {[%clk 0:00:46]} Bxd4
{[%clk 0:00:40]} 42. Bxd4 {[%clk 0:00:36]} Nxd4 {[%clk 0:00:48]} 43. Qc5+
{[%clk 0:00:40]} Nc6 {[%clk 0:00:53]} 44. Bxd5 {[%clk 0:00:48]} Kc7
{[%clk 0:00:57]} 45. Bxc6 {[%clk 0:00:45]} bxc6 {[%clk 0:00:59]} 46. e6
{[%clk 0:00:48]} Rd5 {[%clk 0:00:32]} 47. Qa7+ {[%clk 0:00:50]} Kd8
{[%clk 0:00:33]} 48. Qf7 {[%clk 0:00:44]} Rd1+ {[%clk 0:00:38]} 49. Kc2
{[%clk 0:00:54]} Re1 {[%clk 0:00:47]} 50. Qf8+ {[%clk 0:01:03]} Kc7
{[%clk 0:00:54]} 51. e7 {[%clk 0:01:12]} Kd7 {[%clk 0:00:53]} 52. Qd8+
{[%clk 0:01:21]} 1-0

[Event "Team Championship Russia (Rapid, Women)"]
[Site "Sochi"]
[Date "2018.10.08"]
[Round "5.3"]
[White "Belenkaya, Dina"]
[Black "Guseva, Marina"]
[Result "1/2-1/2"]
[BlackElo "2320"]
[WhiteElo "2204"]
[LiveChessVersion "1.4.8"]

1. e4 {[%clk 0:15:18]} c6 {[%clk 0:15:19]} 2. d4 {[%clk 0:15:26]} d5
{[%clk 0:15:28]} 3. exd5 {[%clk 0:15:34]} cxd5 {[%clk 0:15:37]} 4. Bd3
{[%clk 0:15:42]} Nc6 {[%clk 0:15:45]} 5. c3 {[%clk 0:15:51]} Nf6 {[%clk 0:15:50]}
6. Bf4 {[%clk 0:15:59]} Bg4 {[%clk 0:15:58]} 7. Qb3 {[%clk 0:16:07]} Qd7
{[%clk 0:15:47]} 8. Nd2 {[%clk 0:16:03]} e6 {[%clk 0:15:55]} 9. Ngf3
{[%clk 0:16:06]} Bxf3 {[%clk 0:16:02]} 10. Nxf3 {[%clk 0:16:12]} Bd6
{[%clk 0:15:20]} 11. Bxd6 {[%clk 0:15:28]} Qxd6 {[%clk 0:15:29]} 12. O-O
{[%clk 0:11:42]} O-O {[%clk 0:15:37]} 13. Rfe1 {[%clk 0:11:39]} Rab8
{[%clk 0:15:18]} 14. Ne5 {[%clk 0:11:44]} b5 {[%clk 0:13:24]} 15. a3
{[%clk 0:11:45]} a5 {[%clk 0:13:05]} 16. Bxb5 {[%clk 0:07:39]} Ne4
{[%clk 0:13:08]} 17. Nxc6 {[%clk 0:03:11]} Qxc6 {[%clk 0:13:17]} 18. a4
{[%clk 0:02:20]} Nd6 {[%clk 0:13:07]} 19. Ra2 {[%clk 0:01:27]} Nxb5
{[%clk 0:13:13]} 20. axb5 {[%clk 0:01:35]} Rxb5 {[%clk 0:13:18]} 21. Qc2
{[%clk 0:01:28]} Rfb8 {[%clk 0:12:42]} 22. h3 {[%clk 0:01:24]} g6
{[%clk 0:12:48]} 23. Rea1 {[%clk 0:00:30]} Qb6 {[%clk 0:12:52]} 24. Kf1
{[%clk 0:00:17]} h5 {[%clk 0:12:48]} 25. g3 {[%clk 0:00:25]} Kg7 {[%clk 0:12:39]}
26. Kg2 {[%clk 0:00:34]} Rxb2 {[%clk 0:11:27]} 27. Rxb2 {[%clk 0:00:43]} Qxb2
{[%clk 0:11:36]} 28. Qxb2 {[%clk 0:00:52]} Rxb2 {[%clk 0:11:44]} 29. Rxa5
{[%clk 0:01:01]} Rc2 {[%clk 0:11:48]} 30. Rc5 {[%clk 0:01:10]} g5
{[%clk 0:11:55]} 31. Kf3 {[%clk 0:01:10]} Kg6 {[%clk 0:11:35]} 32. Rc7
{[%clk 0:01:05]} Rc1 {[%clk 0:11:26]} 33. Rc6 {[%clk 0:01:01]} Kf5
{[%clk 0:10:56]} 34. Rc7 {[%clk 0:00:54]} g4+ {[%clk 0:10:03]} 35. hxg4+
{[%clk 0:01:01]} hxg4+ {[%clk 0:10:11]} 36. Ke3 {[%clk 0:01:00]} f6
{[%clk 0:10:16]} 37. Kd2 {[%clk 0:00:49]} Ra1 {[%clk 0:10:23]} 38. Ke3
{[%clk 0:00:41]} Ra2 {[%clk 0:10:23]} 39. Rc8 {[%clk 0:00:48]} Rc2
{[%clk 0:10:29]} 40. Rc7 {[%clk 0:00:57]} Rc1 {[%clk 0:06:22]} 41. Ke4+ Ke5+
1/2-1/2

[Event "Team Championship Russia (Rapid, Women)"]
[Site "Sochi"]
[Date "2018.10.08"]
[Round "5.4"]
[White "Kovanova, Baira"]
[Black "Styazhkina, Anna"]
[Result "1/2-1/2"]
[BlackElo "2214"]
[WhiteElo "2317"]
[LiveChessVersion "1.4.8"]

1. Nf3 {[%clk 0:15:17]} d5 {[%clk 0:15:15]} 2. g3 {[%clk 0:15:24]} c6
{[%clk 0:15:22]} 3. Bg2 {[%clk 0:15:32]} Bg4 {[%clk 0:15:30]} 4. O-O
{[%clk 0:15:13]} Nd7 {[%clk 0:15:35]} 5. d3 {[%clk 0:15:22]} e5 {[%clk 0:15:13]}
6. h3 {[%clk 0:15:16]} Bh5 {[%clk 0:14:34]} 7. e4 {[%clk 0:14:50]} dxe4
{[%clk 0:13:47]} 8. dxe4 {[%clk 0:14:57]} Ngf6 {[%clk 0:13:47]} 9. Qe1
{[%clk 0:15:03]} Bxf3 {[%clk 0:13:21]} 10. Bxf3 {[%clk 0:15:11]} Bc5
{[%clk 0:13:19]} 11. Nd2 {[%clk 0:14:20]} O-O {[%clk 0:13:16]} 12. Nc4
{[%clk 0:14:04]} Qc7 {[%clk 0:12:46]} 13. Ne3 {[%clk 0:14:07]} Rad8
{[%clk 0:11:36]} 14. Nf5 {[%clk 0:14:08]} Rfe8 {[%clk 0:11:36]} 15. Bg5
{[%clk 0:13:59]} h6 {[%clk 0:10:46]} 16. Be3 {[%clk 0:12:57]} Qb6
{[%clk 0:09:05]} 17. Bg2 {[%clk 0:08:29]} Nf8 {[%clk 0:06:24]} 18. Qe2
{[%clk 0:06:31]} Ne6 {[%clk 0:05:58]} 19. c3 {[%clk 0:03:55]} Rd7
{[%clk 0:05:43]} 20. Qf3 {[%clk 0:03:38]} Ng5 {[%clk 0:04:26]} 21. Nxh6+
{[%clk 0:03:29]} gxh6 {[%clk 0:04:08]} 22. Bxg5 {[%clk 0:03:35]} hxg5
{[%clk 0:02:42]} 23. Qxf6 {[%clk 0:03:43]} Re6 {[%clk 0:01:56]} 24. Qxg5+
{[%clk 0:02:11]} Rg6 {[%clk 0:02:03]} 25. Qxe5 {[%clk 0:02:15]} Rd2
{[%clk 0:02:04]} 26. Qf4 {[%clk 0:01:51]} Qd8 {[%clk 0:01:13]} 27. b4
{[%clk 0:01:43]} Bb6 {[%clk 0:01:12]} 28. e5 {[%clk 0:01:42]} Qd3
{[%clk 0:00:41]} 29. g4 {[%clk 0:01:44]} Qxc3 {[%clk 0:00:29]} 30. Rac1
{[%clk 0:01:18]} Qd4 {[%clk 0:00:13]} 31. Qxd4 {[%clk 0:00:44]} Bxd4
{[%clk 0:00:18]} 32. Rcd1 {[%clk 0:00:26]} 1/2-1/2

[Event "Team Championship Russia (Rapid, Women)"]
[Site "Sochi"]
[Date "2018.10.08"]
[Round "5.5"]
[White "Shuvalova, Polina"]
[Black "Gritsayeva, Oksana"]
[Result "1-0"]
[BlackElo "2388"]
[WhiteElo "2342"]
[LiveChessVersion "1.4.8"]

1. e4 {[%clk 0:15:19]} e5 {[%clk 0:15:19]} 2. Nf3 {[%clk 0:15:27]} Nc6
{[%clk 0:15:29]} 3. Bb5 {[%clk 0:15:36]} Nf6 {[%clk 0:15:37]} 4. O-O
{[%clk 0:15:35]} Nxe4 {[%clk 0:15:33]} 5. Re1 {[%clk 0:15:43]} Nd6
{[%clk 0:15:18]} 6. Nxe5 {[%clk 0:15:50]} Nxe5 {[%clk 0:15:24]} 7. Rxe5+
{[%clk 0:15:57]} Be7 {[%clk 0:15:33]} 8. Bf1 {[%clk 0:16:01]} O-O
{[%clk 0:15:36]} 9. d4 Bf6 {[%clk 0:15:28]} 10. Re1 {[%clk 0:16:18]} Nf5
{[%clk 0:15:16]} 11. d5 {[%clk 0:16:16]} d6 {[%clk 0:14:56]} 12. Nd2
{[%clk 0:16:19]} h6 {[%clk 0:12:12]} 13. Ne4 {[%clk 0:16:11]} Be5
{[%clk 0:12:02]} 14. c3 {[%clk 0:16:01]} g6 {[%clk 0:09:19]} 15. g3
{[%clk 0:15:07]} Bg7 {[%clk 0:09:23]} 16. Bg2 {[%clk 0:14:40]} Bd7
{[%clk 0:09:28]} 17. Bf4 {[%clk 0:14:42]} a5 {[%clk 0:08:35]} 18. a4
{[%clk 0:14:26]} Kh7 {[%clk 0:08:32]} 19. h4 {[%clk 0:14:26]} Ne7
{[%clk 0:07:59]} 20. h5 {[%clk 0:12:11]} g5 {[%clk 0:07:34]} 21. Be3
{[%clk 0:12:10]} f5 {[%clk 0:06:34]} 22. Nd2 {[%clk 0:10:58]} f4 {[%clk 0:06:22]}
23. Bd4 {[%clk 0:11:00]} Bxd4 {[%clk 0:06:21]} 24. cxd4 {[%clk 0:11:07]} fxg3
{[%clk 0:05:55]} 25. fxg3 {[%clk 0:11:14]} Nf5 {[%clk 0:05:51]} 26. Ne4
{[%clk 0:10:48]} Rf7 {[%clk 0:05:24]} 27. Rc1 {[%clk 0:10:28]} Rc8
{[%clk 0:05:09]} 28. Rf1 {[%clk 0:10:08]} Qf8 {[%clk 0:04:55]} 29. Qd3
{[%clk 0:09:38]} Kg7 {[%clk 0:04:50]} 30. Bh3 {[%clk 0:07:31]} Qe7
{[%clk 0:04:00]} 31. Bg2 {[%clk 0:07:27]} Bxa4 {[%clk 0:03:23]} 32. Rce1
{[%clk 0:06:32]} Re8 {[%clk 0:02:54]} 33. Qd2 {[%clk 0:04:59]} Qf8
{[%clk 0:02:26]} 34. Qxa5 {[%clk 0:03:56]} Bc2 {[%clk 0:02:15]} 35. Qc3
{[%clk 0:03:54]} Bxe4 {[%clk 0:02:11]} 36. Bxe4 {[%clk 0:03:38]} Kh8
{[%clk 0:01:17]} 37. b4 {[%clk 0:01:48]} Ree7 {[%clk 0:00:54]} 38. Qd3
{[%clk 0:01:00]} Ng7 {[%clk 0:00:31]} 39. Bg6 Rxe1 {[%clk 0:00:36]} 40. Rxe1
{[%clk 0:00:51]} Rf3 41. Re3 {[%clk 0:00:54]} Rxe3 {[%clk 0:00:34]} 42. Qxe3
{[%clk 0:00:57]} Qf6 43. Qe4 Kg8 {[%clk 0:00:41]} 44. Kg2 {[%clk 0:01:04]} Kf8
{[%clk 0:00:42]} 45. Qe3 {[%clk 0:00:47]} Qe7 46. Qf3+ Kg8 {[%clk 0:00:50]} 47.
Qg4 {[%clk 0:00:53]} Ne8 {[%clk 0:00:17]} 48. Qc8 {[%clk 0:00:25]} Kf8
{[%clk 0:00:26]} 49. Kf3 {[%clk 0:00:27]} b6 {[%clk 0:00:28]} 50. Kf2
{[%clk 0:00:27]} b5 {[%clk 0:00:34]} 51. g4 {[%clk 0:00:30]} Qf6+ 52. Ke2
{[%clk 0:00:39]} Qe7+ {[%clk 0:00:35]} 53. Kd2 1-0

[Event "Team Championship Russia (Rapid, Women)"]
[Site "Sochi"]
[Date "2018.10.08"]
[Round "5.6"]
[White "Tomilova, Elena"]
[Black "Voit, Daria"]
[Result "1/2-1/2"]
[BlackElo "2355"]
[WhiteElo "2275"]
[LiveChessVersion "1.4.8"]

1. e4 {[%clk 0:15:16]} c5 {[%clk 0:15:19]} 2. Nf3 {[%clk 0:15:25]} g6
{[%clk 0:15:28]} 3. d4 {[%clk 0:15:28]} cxd4 {[%clk 0:15:36]} 4. Nxd4
{[%clk 0:15:36]} Bg7 {[%clk 0:15:43]} 5. Nc3 {[%clk 0:15:41]} Nc6
{[%clk 0:15:50]} 6. Be3 {[%clk 0:15:47]} Nf6 {[%clk 0:15:55]} 7. Bc4
{[%clk 0:15:48]} O-O {[%clk 0:15:49]} 8. Bb3 {[%clk 0:15:51]} d6 {[%clk 0:15:28]}
9. h3 {[%clk 0:15:55]} Na5 {[%clk 0:15:20]} 10. O-O {[%clk 0:15:46]} a6
{[%clk 0:15:04]} 11. Qd3 {[%clk 0:15:18]} Nxb3 {[%clk 0:14:59]} 12. axb3
{[%clk 0:15:25]} Be6 {[%clk 0:15:07]} 13. f4 {[%clk 0:15:06]} Rc8
{[%clk 0:14:39]} 14. f5 {[%clk 0:13:33]} Bd7 {[%clk 0:14:46]} 15. Nf3
{[%clk 0:11:33]} Bc6 {[%clk 0:14:40]} 16. Bd4 {[%clk 0:09:46]} Nd7
{[%clk 0:12:38]} 17. Bxg7 {[%clk 0:09:37]} Kxg7 {[%clk 0:12:46]} 18. Nd5
{[%clk 0:08:59]} gxf5 {[%clk 0:10:34]} 19. c4 {[%clk 0:07:20]} e6
{[%clk 0:09:26]} 20. Nc3 {[%clk 0:06:15]} Nc5 {[%clk 0:09:00]} 21. Qd4+
{[%clk 0:06:18]} Qf6 {[%clk 0:06:35]} 22. Qxf6+ {[%clk 0:06:11]} Kxf6
{[%clk 0:06:43]} 23. exf5 {[%clk 0:06:13]} Nxb3 {[%clk 0:05:12]} 24. Rad1
{[%clk 0:05:41]} Bxf3 {[%clk 0:04:12]} 25. Rxf3 {[%clk 0:05:48]} Rxc4
{[%clk 0:04:20]} 26. fxe6+ {[%clk 0:05:00]} Kxe6 {[%clk 0:04:27]} 27. Re1+
{[%clk 0:05:04]} Kd7 {[%clk 0:04:35]} 28. Nd5 {[%clk 0:05:12]} Rc1
{[%clk 0:04:15]} 29. Nf6+ {[%clk 0:04:17]} Kd8 {[%clk 0:04:02]} 30. Rxc1
{[%clk 0:04:19]} Nxc1 {[%clk 0:04:09]} 31. Nxh7 {[%clk 0:03:59]} Re8
{[%clk 0:04:09]} 32. Rxf7 {[%clk 0:04:04]} Re7 {[%clk 0:04:08]} 33. Rf8+
{[%clk 0:03:51]} Kc7 {[%clk 0:04:06]} 34. Nf6 {[%clk 0:03:56]} Re5
{[%clk 0:02:48]} 35. h4 {[%clk 0:02:40]} Ne2+ {[%clk 0:02:15]} 36. Kf2
{[%clk 0:02:23]} Nd4 {[%clk 0:01:43]} 37. g4 {[%clk 0:02:10]} Re2+
{[%clk 0:01:28]} 38. Kg3 {[%clk 0:02:14]} Rxb2 {[%clk 0:01:35]} 39. h5
{[%clk 0:02:10]} Rb3+ {[%clk 0:01:41]} 40. Kg2 {[%clk 0:02:10]} Rb2+
{[%clk 0:01:19]} 41. Kg3 {[%clk 0:02:19]} Rb3+ {[%clk 0:01:27]} 42. Kg2
{[%clk 0:02:27]} Rb2+ {[%clk 0:01:35]} 43. Kg3 {[%clk 0:02:36]} Rb3+
{[%clk 0:01:43]} 44. Kg2 {[%clk 0:02:21]} Rb2+ 45. Kg3 1/2-1/2

[Event "Team Championship Russia (Rapid, Women)"]
[Site "Sochi"]
[Date "2018.10.08"]
[Round "5.7"]
[White "Kovalevskaya, Ekaterina"]
[Black "Charochkina, Daria"]
[Result "0-1"]
[BlackElo "2360"]
[WhiteElo "2307"]
[LiveChessVersion "1.4.8"]

1. e4 {[%clk 0:15:17]} c6 {[%clk 0:15:19]} 2. Nc3 {[%clk 0:15:26]} d5
{[%clk 0:15:28]} 3. d4 {[%clk 0:15:35]} dxe4 {[%clk 0:15:33]} 4. Nxe4
{[%clk 0:15:43]} Bf5 {[%clk 0:15:42]} 5. Ng3 {[%clk 0:15:51]} Bg6
{[%clk 0:15:51]} 6. Nf3 {[%clk 0:15:59]} Nd7 {[%clk 0:15:59]} 7. Bd3
{[%clk 0:16:07]} Qc7 {[%clk 0:15:49]} 8. O-O {[%clk 0:15:54]} e6 {[%clk 0:15:53]}
9. Re1 {[%clk 0:15:17]} Bd6 {[%clk 0:15:41]} 10. Bxg6 {[%clk 0:09:55]} hxg6
{[%clk 0:15:45]} 11. Ng5 {[%clk 0:09:13]} Ngf6 {[%clk 0:15:34]} 12. Qd3
{[%clk 0:08:25]} Nb6 {[%clk 0:10:51]} 13. Rxe6+ {[%clk 0:03:11]} fxe6
{[%clk 0:10:59]} 14. Qxg6+ {[%clk 0:03:18]} Kd7 {[%clk 0:11:09]} 15. Bf4
{[%clk 0:01:25]} Bxf4 {[%clk 0:07:04]} 16. Qxg7+ {[%clk 0:01:28]} Kd6
{[%clk 0:07:13]} 17. Nf7+ {[%clk 0:01:03]} Kd5 {[%clk 0:07:13]} 18. Qxf6
{[%clk 0:01:06]} Raf8 {[%clk 0:05:57]} 19. c4+ {[%clk 0:00:31]} Nxc4
{[%clk 0:05:48]} 20. b3 {[%clk 0:00:40]} Qxf7 {[%clk 0:04:12]} 21. bxc4+
{[%clk 0:00:42]} Kd6 {[%clk 0:04:21]} 0-1

[Event "Team Championship Russia (Rapid, Women)"]
[Site "Sochi"]
[Date "2018.10.08"]
[Round "5.8"]
[White "Vasilevich, Tatjana"]
[Black "Dordzhieva, Dinara"]
[Result "1/2-1/2"]
[BlackElo "2248"]
[WhiteElo "2369"]
[LiveChessVersion "1.4.8"]

1. e4 {[%clk 0:15:19]} c5 {[%clk 0:15:19]} 2. Nf3 {[%clk 0:15:27]} d6
{[%clk 0:15:28]} 3. c4 {[%clk 0:15:26]} Nf6 {[%clk 0:15:31]} 4. Nc3
{[%clk 0:15:34]} Nc6 {[%clk 0:14:59]} 5. d4 {[%clk 0:15:03]} Bg4 {[%clk 0:15:08]}
6. d5 {[%clk 0:13:23]} Nd4 {[%clk 0:15:17]} 7. Be2 {[%clk 0:13:32]} Nxe2
{[%clk 0:15:07]} 8. Qxe2 {[%clk 0:13:40]} g6 {[%clk 0:15:12]} 9. h3
{[%clk 0:13:30]} Bxf3 {[%clk 0:15:16]} 10. Qxf3 Bg7 11. O-O {[%clk 0:13:42]} O-O
{[%clk 0:15:34]} 12. Be3 {[%clk 0:13:24]} Nd7 {[%clk 0:15:38]} 13. Rfc1
{[%clk 0:12:47]} a6 {[%clk 0:15:37]} 14. Qe2 {[%clk 0:12:53]} Qa5
{[%clk 0:15:13]} 15. a3 {[%clk 0:11:06]} Rfb8 {[%clk 0:15:01]} 16. Bg5
{[%clk 0:10:13]} Kf8 {[%clk 0:14:38]} 17. Bd2 {[%clk 0:10:11]} Qb6
{[%clk 0:13:52]} 18. b4 {[%clk 0:07:53]} cxb4 {[%clk 0:13:31]} 19. Rab1
{[%clk 0:07:43]} b3 {[%clk 0:09:51]} 20. Na4 {[%clk 0:07:27]} Qd8
{[%clk 0:09:09]} 21. Rxb3 {[%clk 0:07:04]} Kg8 {[%clk 0:08:29]} 22. Be3
{[%clk 0:06:19]} Qa5 {[%clk 0:07:20]} 23. Nb6 {[%clk 0:05:42]} Nxb6
{[%clk 0:07:29]} 24. Bxb6 Qa4 25. Qd3 {[%clk 0:05:39]} Rc8 {[%clk 0:07:21]} 26.
Rb4 {[%clk 0:05:13]} Qd7 {[%clk 0:07:28]} 27. Rcb1 {[%clk 0:04:50]} h5
{[%clk 0:07:06]} 28. Be3 {[%clk 0:04:36]} b5 {[%clk 0:05:17]} 29. cxb5
{[%clk 0:03:54]} Rc3 {[%clk 0:05:24]} 30. Qd2 {[%clk 0:03:51]} axb5
{[%clk 0:05:25]} 31. Rxb5 {[%clk 0:03:46]} Rcxa3 {[%clk 0:05:30]} 32. Rb7
{[%clk 0:03:17]} Qe8 {[%clk 0:04:37]} 33. Bd4 {[%clk 0:02:52]} Ra2
{[%clk 0:04:06]} 34. Qd1 {[%clk 0:02:46]} Bxd4 {[%clk 0:02:14]} 35. Qxd4
{[%clk 0:02:55]} R2a4 {[%clk 0:02:21]} 36. Qe3 {[%clk 0:02:55]} Ra1
{[%clk 0:01:57]} 37. Rxa1 {[%clk 0:02:43]} Rxa1+ 38. Kh2 Ra8 {[%clk 0:02:02]} 39.
Qb3 {[%clk 0:01:53]} Qf8 {[%clk 0:01:45]} 40. Qb2 {[%clk 0:01:33]} Re8
{[%clk 0:01:51]} 41. e5 {[%clk 0:01:09]} dxe5 {[%clk 0:00:32]} 42. Qxe5
{[%clk 0:01:17]} Qg7 {[%clk 0:00:40]} 43. Qe4 {[%clk 0:00:48]} Qf6
{[%clk 0:00:49]} 44. f4 {[%clk 0:00:41]} h4 {[%clk 0:00:51]} 45. Qe5
{[%clk 0:00:28]} Qxe5 {[%clk 0:00:36]} 46. fxe5 Rd8 47. Rxe7 {[%clk 0:00:23]}
Rxd5 {[%clk 0:00:55]} 48. e6 {[%clk 0:00:28]} fxe6 {[%clk 0:00:52]} 49. Rxe6 Kf7
50. Re2 {[%clk 0:00:33]} 1/2-1/2